| 000 | 00410pab a2200157 454500 | ||
|---|---|---|---|
| 008 | 180718b1997 xxu||||| |||| 00| 0 eng d | ||
| 100 | _aSonn, Hochul | ||
| 245 | _aThe late blooming of the South Korean labour movement | ||
| 260 | _c1997 | ||
| 300 | _ap.117-29 | ||
| 362 | _aJul-Aug | ||
| 650 | _aLabour movements - Korea, South | ||
| 650 | _aLabour movements | ||
| 773 | _aMonthly Review | ||
| 909 | _a35690 | ||
| 999 |
_c35690 _d35690 |
||